01113nam a2200205 a 450000100100000000500170001000800410002704000250006810000310009324500470012426001130017130000210028404900090030595201200031495201200043495201200055495201050067495201110077999900170089000002440720200930022959.0110127s1984 dr 001 0 spa d aDO-SdBNPbspacBNPHU1 aPepén S., Juan F.95003710aSemillas en el surco /cJuan F. Pepén S. aSan Pedro de Macorís, República Dominicana :bUniversidad Central del Este,c[1984].fEditora de Colores a400 P. ;c24 cm. aBNPD 001054708DSaGRbGRcHDd2011-02-10iLF1l0o p24407-30r2020-06-25te. 3w2020-06-25yLFDSZPréstamo en sala 001054708DSaGRbGRcHDd2011-02-17iLF1l0o p24407-40r2020-06-25te. 4w2020-06-25yLFDSZPréstamo en sala 001054708DSaGRbGRcHDd2013-06-21iLF1l0o p24407-50r2020-06-25te. 5w2020-06-25yLFDSZPréstamo en sala 0010718PDaPDbPDcHDd2011-01-27iLF1l0o p24407-10r2020-06-25w2020-06-25yLFPDZNo se presta 0010718PDaPDbPDcHDd2011-01-27iLF1l0o p24407-20r2020-06-25te. 2w2020-06-25yLFPDZNo se presta c23900d23900